Biblioteca y Centro de Documentación

Argus Manpower (Registro nro. 25700)

Detalles MARC
000 -CABECERA
Longitud fija campo de control 01270nas a2200349 c 4500
001 - NÚMERO DE CONTROL
Número de control 25700
003 - IDENTIFICADOR DE NÚMERO DE CONTROL
Identificador del número de control ES-MaCES
005 - FECHA Y HORA DE LA ÚLTIMA TRANSACCIÓN
Fecha y hora de la última transacción 20161025125927.0
008 - CAMPO FIJO DE DESCRIPCIÓN FIJA--INFORMACIÓN GENERAL
Códigos de información de longitud fija   980525d19962001sp m| | 0spa d
035 ## - NÚMERO DE CONTROL DEL SISTEMA
Número de control del sistema CES19980006837p
Número de control cancelado;no válido 10699
040 ## - FUENTE DE CATALOGACIÓN
Centro catalogador de origen ES-MaCES
Lengua de catalogación spa
Centro transcriptor ES-MaCES
245 00 - MENCIÓN DE TÍTULO
Título Argus Manpower
Resto del título : publicación mensual, noticias sobre el empleo y el mundo del trabajo
Mención de responsabilidad, etc. Manpower, empresa de trabajo temporal
260 ## - PUBLICACIÓN, DISTRIBUCIÓN, ETC (PIE DE IMPRENTA)
Lugar de publicación, distribución, etc. Barcelona (Córcega, 2º,08037)
Nombre del editor, distribuidor, etc. Manpower
Fecha de publicación, distribución, etc. 1996-2001
300 ## - DESCRIPCIÓN FÍSICA
Extensión v.
Dimensiones 28 cm
310 ## - PERIODICIDAD ACTUAL DE LA PUBLICACIÓN
Periodicidad actual Mensual
362 0# - DATOS DE LA PUBLICACIÓN Y/O DESIGNACIÓN SECUENCIAL
Fecha de publicación y;o designación secuencial N. 1 (en. 1996)-n. 41 (en.-feb. 2001)
500 ## - NOTA GENERAL
Nota general Resume noticias de prensa internacional
541 ## - NOTA DE LA FUENTE INMEDIANTE DE ADQUISICIÓN
Forma de adquisición Gratuito
650 #4 - ASIENTO SECUNDARIO DE MATERIA--TÉRMINO DE MATERIA
Término de materia o nombre geográfico como elemento inicial condiciones de trabajo
9 (RLIN) 28327
650 #4 - ASIENTO SECUNDARIO DE MATERIA--TÉRMINO DE MATERIA
Término de materia o nombre geográfico como elemento inicial recursos humanos
9 (RLIN) 28291
650 #4 - ASIENTO SECUNDARIO DE MATERIA--TÉRMINO DE MATERIA
Término de materia o nombre geográfico como elemento inicial empleo
9 (RLIN) 28299
650 #4 - ASIENTO SECUNDARIO DE MATERIA--TÉRMINO DE MATERIA
9 (RLIN) 28369
Término de materia o nombre geográfico como elemento inicial relaciones laborales
653 10 - TÉRMINO DE INDEXACIÓN--NO CONTROLADO
Término no controlado Relaciones laborales-Empleo
710 2# - ENCABEZAMIENTO SECUNDARIO--NOMBRE CORPORATIVO
Nombre de entidad o nombre de jurisdicción como elemento inicial Manpower
9 (RLIN) 4503
785 00 - ENTRADA POSTERIOR
Título Manpower : una visión sobre el empleo y los recursos humanos
Número de control del registro relacionado (ES-MaCES)25916
853 21 - LEYENDAS Y PATRÓN--UNIDAD BIBLIOGRÁFICA BÁSICA
Segundo nivel de enumeración n.
Primer nivel de cronología año
Segundo nivel de cronología mes
Continuidad en la numeración c
Frecuencia m
866 #0 - FUENTES TEXTUALES--UNIDAD BIBLIOGRÁFICA BÁSICA
Holdings textuales 1996-2001.
Nota pública Ubicación: DEPÓSITO - 10699
905 ## - CES. DATOS REVISTA
Boletín de sumarios (Sirtex 591$a) Boletín B
Proceso +
942 ## - ELEMENTOS KOHA
Fuente de clasificaión o esquema Clasificación propia del CES
Koha [por defecto] tipo de item Periódicas
Parte de clasificación Relaciones Laborales y Rel. Lab.- Empleo
Existencias
Serie de enumeración ; cronología Número de registro Préstamos totales Tipo de item de Koha
N. 1 (ene. 1996) 025628   Periódicas
N. 2 (feb. 1996) 025629   Periódicas
N. 3 (mar. 1996) 025630   Periódicas
N. 4 (sep. 1996) 025631   Periódicas
n. 5 (1997) 025632   Periódicas
N. 6 (abr. 1997) 025633   Periódicas
N. 7 (may. 1997) 025634   Periódicas
N. 8 (jun. 1997) 025635   Periódicas
N. 9 (jul.-ago. 1997) 025636   Periódicas
N. 10 (sep. 1997) 025637   Periódicas
N. 11 (oct. 1997) 025638   Periódicas
N. 12 (nov. 1997) 025639   Periódicas
N. 13 (dic. 1997) 025640   Periódicas
N. 14 (ene. 1998) 025641   Periódicas
N. 15 (feb.-mar. 1998) 025642   Periódicas
N. 16 (abr. 1998) 025643   Periódicas
N. 17 (may. 1998) 025958   Periódicas
N. 18 (jun. 1998) 026399   Periódicas
N. 19 (ago. 1998) 027247   Periódicas
N. 20 (sep. 1998) 027244   Periódicas
N. 21 (oct. 1998) 027632   Periódicas
N. 22 (nov. 1998) 028071   Periódicas
N. 23 (dic. 1998) 028458   Periódicas
n. 24 (en. 1999) 029198   Periódicas
n. 25 (feb. 1999) 029290   Periódicas
n. 26 (marzo 1999) 030063   Periódicas
n. 27 (abr. 1999) 030387   Periódicas
n. 28 (mayo 1999) 031280   Periódicas
n. 29 (jun. 1999) 031713   Periódicas
n. 30 (jul. - ag. 1999) 032223   Periódicas
n. 31 (sept. 1999) 032756   Periódicas
n. 32 (oct. 1999) 033553   Periódicas
n. 33 (nov. 1999) 034036   Periódicas
n. 34 (dic. 1999) 034721   Periódicas
n. 35 (en. - feb. 2000) 035091   Periódicas
n. 36 (marzo - abr. 2000) 036449   Periódicas
n. 37 (mayo - jun. 2000) 037945   Periódicas
n. 38 (jul. - ag. 2000) 038800   Periódicas
n. 39 (sept. - oct. 2000) 040150   Periódicas
n. 40 (nov. - dic. 2000) 040151   Periódicas
n. 41 (en.-feb. 2001) 041198   Periódicas
© CES, Consejo Económico y Social de España 2021